La Planificación en el desarrollo /
Salvato in:
| Autore principale: | |
|---|---|
| Altri autori: | |
| Natura: | testo |
| Pubblicazione: |
México, D.F.:
Fondo de Cultura Económica. Gráfica Panamericana
|
| Tags: |
Aggiungi Tag
Nessun Tag, puoi essere il primo ad aggiungerne!!
|
MARC
| LEADER | 00000 a a2200000 04500 | ||
|---|---|---|---|
| 001 | 22164 | ||
| 003 | |||
| 040 | |||
| 090 | |a 150100 | ||
| 100 | |a Griffin, Keith B | ||
| 245 | |a La Planificación en el desarrollo / |c Keith B. Griffin | ||
| 260 | |a México, D.F.: |b Fondo de Cultura Económica. Gráfica Panamericana | ||
| 300 | |a 349 p |b **no definido** | ||
| 700 | |a Enos John L |a Cárdenas, Guillermo A | ||
| 999 | |c 411 |d 411 | ||
